banner koha

What is the name of the babassu? A note on the confusing use of scientific names for this important palm tree (Registro n. 330685)

MARC details
000 -LÍDER
fixed length control field 03275nab a2200253 i 4500
003 - CÓDIGO MARC DA AGÊNCIA CATALOGADORA
Campo de controle BR-BrBNA
005 - DATA E HORA DA ÚLTIMA ATUALIZAÇÃO
Campo de controle 20250327065828.0
008 - CAMPO DE TAMANHO FIXO
fixed length control field 250327b2016 bl.qr|pooa||| 00| 0 eng |
040 ## - FONTE DA CATALOGAÇÃO
Agência catalogadora BR-BrBNA
Idioma da catalogação eng
072 ## - CATEGORIA AGRIS
Código AGRIS F70
100 ## - ENTRADA PRINCIPAL - NOME PESSOAL
Nome pessoal Cavallari, Marcelo Mattos
100 ## - ENTRADA PRINCIPAL - NOME PESSOAL
Nome pessoal Toledo, Marcos Miranda
245 ## - TÍTULO PRINCIPAL
Título principal What is the name of the babassu? A note on the confusing use of scientific names for this important palm tree
500 ## - NOTA GERAL
Nota geral Publicação on-line; 41 ref.; 1 table; Summaries (En, Pt)
942 ## - ADDED ENTRY ELEMENTS (KOHA)
Koha item type Analítica
520 ## - NOTA DE RESUMO
Nota de conteúdo <br/><br/>Abstract<br/><br/>Various scientific names are usually found for the babassu in current literature: mainly Orbignya phalerata<br/>and Attalea speciosa, but also O. speciosa and O. martiana, among others. This multiplicity of names leads<br/>to great confusion in the scientific community causing mistakes to be successively propagated. This note<br/>aims to clarify the problem, reviewing the species nomenclature history since the first description by Martius,<br/>in 1826, and reporting the successive name changes which occurred. Consequences of the lumping of four<br/>closely related genera, of recent phylogenetic studies and of the last changes in palm classification on the<br/>species nomenclature are also briefly discussed. In addition, searching results on scientific names at the main<br/>Plant Name Indexes are presented here. As a conclusion, we recommend the adoption of Attalea speciosa<br/>Mart ex. Spreng as the most suitable name for the babassu and highlight that a broad taxonomic review of<br/>the Attalea group is necessary.<br/><br/>Key words: Attalea speciosa, Arecaceae, babassu, Orbignya phalerata, taxonomy.<br/><br/><br/><br/><br/><br/>Resumo<br/><br/>Na literatura científica atual são encontrados artigos que utilizam diferentes nomes científicos para o babaçu,<br/>principalmente Orbignya phalerata e Attalea speciosa, mas também O. speciosa, O. martiana, entre outros. Esta<br/>multiplicidade de nomes ocasiona uma grande confusão na comunidade científica que permite a propagação<br/>sucessiva de erros. Este artigo de opinião objetiva esclarecer aspectos deste problema, revisando a história<br/>da nomenclatura da espécie, desde a primeira descrição por Martius, em 1826, e evidenciando as sucessivas<br/>mudanças de nome que ocorreram. São também brevemente discutidas as consequências da fusão dos quatro<br/>gêneros relacionados, de recentes trabalhos de filogenia e das últimas mudanças em classificação de palmeiras<br/>para a nomenclatura da espécie. Adicionalmente, os resultados de buscas em Índices de Nomes de Plantas são<br/>apresentados. Como conclusão, recomendamos a adoção do nome Attalea speciosa Mart ex. Spreng como<br/>o mais adequado para o babaçu e frisamos a forte necessidade de uma ampla revisão taxonômica do grupo.<br/><br/>Palavras-chave: Attalea speciosa, Arecaceae, babaçu, Orbignya phalerata, taxonomia.<br/>
650 ## - ASSUNTO - THESAGRO
Cabeçalho tópico ou nome geográfico ARECACEAE
650 ## - ASSUNTO - THESAGRO
Cabeçalho tópico ou nome geográfico BABAÇU
650 ## - ASSUNTO - THESAGRO
Cabeçalho tópico ou nome geográfico ORBIGNYA PHALERATA
650 ## - ASSUNTO - THESAGRO
Cabeçalho tópico ou nome geográfico TAXONOMIA
773 0# - ENTRADA ANALÍTICA
Host Biblionumber 709
Registro do item 349362
Imprenta Rio de Janeiro-RJ Jardim Botanico do Rio de Janeiro 1935
Outro identificador 2025-1881
Título Rodriguésia (Brazil)
ISSN 0370-6583; 2175-7860 on-line
Colação v. 67(2) p. 533-538; (2016)
Número de controle de registro BR2025000330
856 ## - ACESSO E ENDEREÇO ELETRÔNICO
Identificador uniforme de recurso - URI https://www.scielo.br/j/rod/a/Jv39FtkDjXCHdb3NKpq8Rkt/?format=pdf&lang=en

Nenhum exemplar disponível.

BINAGRI

Telefone: (61)3218-2567/2388/3357/2097 - binagri@agro.gov.br

Ministério da Agricultura e Pecuária , Esplanada dos Ministérios, Bloco D, Anexo B, Brasília/DF, CEP: 70.043-900